Economie du cinéma (notice n° 1568803)

détails MARC
000 -LEADER
fixed length control field 01080cam a2200133 4500500
005 - DATE AND TIME OF LATEST TRANSACTION
control field 20251214005353.0
041 ## - LANGUAGE CODE
Language code of text/sound track or separate title fre
042 ## - AUTHENTICATION CODE
Authentication code dc
100 10 - MAIN ENTRY--PERSONAL NAME
Personal name Creton, Laurent
Relator term author
245 00 - TITLE STATEMENT
Title Economie du cinéma
260 ## - PUBLICATION, DISTRIBUTION, ETC.
Name of publisher, distributor, etc. Armand Colin,<br/>
Date of publication, distribution, etc. 2014.<br/>
520 ## - SUMMARY, ETC.
Summary, etc. Confronté à l’emprise croissante du système téléaudiovisuel et à la concurrence renouvelée de la production américaine, le cinéma français est en quête d’identité et cherche les voies d’un regain de compétitivité.Économie du cinéma offre un cadre conceptuel pour étudier le jeu des acteurs en présence et pour analyser les enjeux, les options, les déploiements et les conditions de mise en œuvre de leurs stratégies. La nouvelle édition de cet ouvrage de référence permet de mieux comprendre le fonctionnement de la filière cinématographique et de tracer ses principales perspectives dans une période de recomposition industrielle et de bouleversement technologique.
856 41 - ELECTRONIC LOCATION AND ACCESS
Uniform Resource Identifier <a href="https://shs.cairn.info/economie-du-cinema--9782200291525?lang=fr&redirect-ssocas=7080">https://shs.cairn.info/economie-du-cinema--9782200291525?lang=fr&redirect-ssocas=7080</a>

Pas d'exemplaire disponible.

PLUDOC

PLUDOC est la plateforme unique et centralisée de gestion des bibliothèques physiques et numériques de Guinée administré par le CEDUST. Elle est la plus grande base de données de ressources documentaires pour les Étudiants, Enseignants chercheurs et Chercheurs de Guinée.

Adresse

627 919 101/664 919 101

25 boulevard du commerce
Kaloum, Conakry, Guinée

Réseaux sociaux

Powered by Netsen Group @ 2025